<?xml version="1.0" encoding="UTF-8"?><?xml-stylesheet type="text/xsl" href="static/style.xsl"?><OAI-PMH xmlns="http://www.openarchives.org/OAI/2.0/" xmlns:xsi="http://www.w3.org/2001/XMLSchema-instance" xsi:schemaLocation="http://www.openarchives.org/OAI/2.0/ http://www.openarchives.org/OAI/2.0/OAI-PMH.xsd"><responseDate>2026-04-14T03:15:40Z</responseDate><request verb="GetRecord" identifier="oai:www.recercat.cat:20.500.14342/877" metadataPrefix="marc">https://recercat.cat/oai/request</request><GetRecord><record><header><identifier>oai:recercat.cat:20.500.14342/877</identifier><datestamp>2025-12-14T20:08:17Z</datestamp><setSpec>com_2072_482405</setSpec><setSpec>com_2072_183628</setSpec><setSpec>col_2072_482412</setSpec></header><metadata><record xmlns="http://www.loc.gov/MARC21/slim" xmlns:dcterms="http://purl.org/dc/terms/" xmlns:xsi="http://www.w3.org/2001/XMLSchema-instance" xmlns:doc="http://www.lyncode.com/xoai" xsi:schemaLocation="http://www.loc.gov/MARC21/slim http://www.loc.gov/standards/marcxml/schema/MARC21slim.xsd">
   <leader>00925njm 22002777a 4500</leader>
   <datafield ind2=" " ind1=" " tag="042">
      <subfield code="a">dc</subfield>
   </datafield>
   <datafield ind2=" " ind1=" " tag="720">
      <subfield code="a">Buch, Roger</subfield>
      <subfield code="e">author</subfield>
   </datafield>
   <datafield ind2=" " ind1=" " tag="260">
      <subfield code="c">2020-10-15</subfield>
   </datafield>
   <datafield ind2=" " ind1=" " tag="520">
      <subfield code="a">El Partit Socialista d’Alliberament Nacional dels Països Catalans (PSAN) fue un partido político independentista y marxista que defendió la creación del Estado Socialista de los Países Catalanes. El analisi del partido durante su etapa más relevante, entre 1969 y 1980, nos permite seguir la génesi y evolución de un espació político, Esquerra d’Alliberament Nacional, en los años del tardofranquismo y la transición. Aunque el partido no consiguió ninguno de los objetivos estratégicos que se había propuesto, destacó por la influencia ideológica que tuvo posteriormente en muchas otras fuerzas políticas catalanas</subfield>
   </datafield>
   <datafield ind2=" " ind1=" " tag="520">
      <subfield code="a">The Partit Socialista d’Alliberament Nacional dels Països Catalans (PSAN) was a pro-independence and marxist political party that defended the creation of the Socialist State of the Catalan Countries. The analysis of the party during its most relevant stage, between 1969 and 1980, allows us to follow the genesis and evolution of a political space, Esquerra d’Alliberament Nacional, in the years of late Francoism and transition. Although the party did not achieve any of the strategic objectives that had been proposed, it stood out for the ideological influence it later had in many other Catalan political forces</subfield>
   </datafield>
   <datafield ind1="8" ind2=" " tag="024">
      <subfield code="a">http://hdl.handle.net/20.500.14342/877</subfield>
   </datafield>
   <datafield ind1="8" ind2=" " tag="024">
      <subfield code="a">https://doi.org/10.36132/hao.vi53.2015</subfield>
   </datafield>
   <datafield tag="653" ind2=" " ind1=" ">
      <subfield code="a">Partits polítics</subfield>
   </datafield>
   <datafield tag="653" ind2=" " ind1=" ">
      <subfield code="a">Separatisme</subfield>
   </datafield>
   <datafield ind2="0" ind1="0" tag="245">
      <subfield code="a">El Partit Socialista d’Alliberament Nacional dels Països Catalans (PSAN) durante el tardofranquismo y la transición</subfield>
   </datafield>
</record></metadata></record></GetRecord></OAI-PMH>